Wielka ilustrowana encyklopedia dinozaurów /

Hlavní autor: Burnie, David, 1955-
Další autoři: Sibbick, John
Jazyk: Polština
Vydáno: Praha : Svojtka & Co., c2009
Vydání: Wyd. 1.
Témata:
Fyzický popis: 224 s. : il. (převážně barev.), mapy, portréty ; 29 cm
Knihy
Uloženo v:
LEADER 01670nam a2200493 a 4500
001 nkc20102088709
003 CZ PrNK
005 20260427100307.0
007 ta
008 100422s2009 xr abc e e 001 0 pol
015 |a cnb002088709 
020 |a 978-80-256-0382-6  |q (váz.) 
035 |a (OCoLC)614289664 
040 |a ABA001  |b cze 
041 1 |a pol  |h cze 
072 7 |a 56  |x Paleontologie  |2 Konspekt  |9 7 
080 |a 598.192  |2 MRF 
080 |a 562/564  |2 MRF 
080 |a 56:574  |2 MRF 
080 |a (031)  |2 MRF 
100 1 |a Burnie, David,  |d 1955-  |7 xx0003975  |4 aut 
245 1 0 |a Wielka ilustrowana encyklopedia dinozaurów /  |c autor David Burnie ; ilustracje John Sibbick 
246 3 0 |a Encyklopedia dinozaurów 
250 |a Wyd. 1. 
260 |a Praha :  |b Svojtka & Co.,  |c c2009 
300 |a 224 s. :  |b il. (převážně barev.), mapy, portréty ;  |c 29 cm 
500 |a Přeloženo z angličtiny 
500 |a Terminologický slovník 
504 |a Obsahuje bibliografické odkazy a rejstřík 
650 0 7 |a dinosauři  |7 ph114326  |2 czenas 
650 0 7 |a fosilní živočichové  |7 ph114575  |2 czenas 
650 0 7 |a paleoekologie  |7 ph115646  |2 czenas 
650 0 9 |a dinosaurs  |2 eczenas 
650 0 9 |a fossil animals  |2 eczenas 
650 0 9 |a paleoecology  |2 eczenas 
655 7 |a encyklopedie  |7 fd132201  |2 czenas 
655 9 |a encyclopedias  |2 eczenas 
700 1 |a Sibbick, John  |7 mzk2010473837  |4 ill 
765 0 |t Kingfisher illustrated dinosaur encyclopedia  |9 Polsky 
910 2 |a BOA001  |b M4-1243.505 
990 |a BK 
995 |a 01 
991 |b 201006  |c NOV 
996 6 |b 2610437953  |c M4-1243.505  |l MZK  |r Sklad / do 24 hodin  |n 0  |p p.v.  |w 001122981  |u 000010  |a 1  |e BOA001  |j MZK50  |s P